Fluktuace nemusí být vždy jen škodlivá

Miera fluktuácie je v Česku výrazne vyššia ako v Európe. Problémom fluktuácie sa nevyhnú ani najlepšie platiace firmy. Aká miera fluktuácie je pre podnik prospešná, čo robiť, aby fluktuácia vo firme bola udržaná v rozumnej miere. Rozhovory s manažérmi.

Gespeichert in:
Bibliographische Detailangaben
Format: Buchkapitel
Sprache:Tschechisch
Schlagworte:
Tags: Tag hinzufügen
Keine Tags, Fügen Sie das erste Tag hinzu!

MARC

LEADER 00000naa$a2200000$$$4500
001 0060913
005 20231019113925.4
041 0 |a cze 
044 |a CZ 
245 1 0 |a Fluktuace nemusí být vždy jen škodlivá 
520 |a Miera fluktuácie je v Česku výrazne vyššia ako v Európe. Problémom fluktuácie sa nevyhnú ani najlepšie platiace firmy. Aká miera fluktuácie je pre podnik prospešná, čo robiť, aby fluktuácia vo firme bola udržaná v rozumnej miere. Rozhovory s manažérmi. 
610 2 0 |a firmy 
610 2 0 |a fluktuácia 
610 2 0 |a manažéri 
610 2 0 |a riadenie ľudských zdrojov 
610 2 0 |a Česko